| 000 | 00642cam a2200229 4500500 | ||
|---|---|---|---|
| 005 | 20260405003819.0 | ||
| 041 | _afre | ||
| 042 | _adc | ||
| 100 | 1 | 0 |
_aLacroix, Alexandre _eauthor |
| 245 | 0 | 0 | _aÀ quoi ressemblerait la belle mort ? |
| 260 | _c2024. | ||
| 500 | _a82 | ||
| 690 | _aCorps | ||
| 690 | _aDétachement | ||
| 690 | _aDeuil | ||
| 690 | _aInfini | ||
| 690 | _aMarcel Conche | ||
| 690 | _aMort | ||
| 690 | _aPlaton | ||
| 786 | 0 | _nPhilosophie magazine | 176 | 1-2 | 2024-02-01 | p. 22-22 | 1951-1787 | |
| 856 | 4 | 1 | _uhttps://shs.cairn.info/magazine-philosophie-magazine-2024-2-page-22?lang=fr&redirect-ssocas=7080 |
| 999 |
_c2071071 _d2071071 |
||